Immunologic considerations in toxicology /

Bibliographic Details
Other Authors: Sharma, Raghubir P. (Raghubir Prasad), 1940-
Format: Book
Language:English
Published: Boca Raton, Fla. : CRC Press, [1981]
Subjects:

MARC

Tag First Indicator Second Indicator Subfields
LEADER 00000pam a2200000 a 4500
001 in00000098128
005 20150924085615.0
008 801119s1981 flua b 00100 engm
010 |a  80039518  
020 |a 0849352711 (v. 1) 
020 |a 084935272X (v. 2) 
035 |a (OCoLC)07179064 
035 |9 AAK9494AM 
040 |a DLC  |c DLC  |d m.c.  |d TXA  |d UtOrBLW 
049 |a TXAM  |v l [1362755]  |v 2 [1362756] 
050 0 0 |a QR188.35  |b  I46 
060 0 |a QV 600 I33 
082 0 |a 615.9  |2 19 
245 0 0 |a Immunologic considerations in toxicology /  |c editor, Raghubir P. Sharma. 
264 1 |a Boca Raton, Fla. :  |b CRC Press,  |c [1981] 
264 4 |c ©1981 
300 |a 2 volumes :  |b illustrations ;  |c 26 cm. 
336 |a text  |b txt  |2 rdacontent 
337 |a unmediated  |b n  |2 rdamedia 
338 |a volume  |b nc  |2 rdacarrier 
504 |a Includes bibliographical references and indexes. 
650 0 |a Immunosuppression. 
650 0 |a Toxicology. 
650 0 |a Immunosuppressive agents. 
650 2 |a Immunity. 
650 2 |a Poisoning. 
700 1 |a Sharma, Raghubir P.  |q (Raghubir Prasad),  |d 1940- 
999 |a MARS 
999 f f |s 3f60dabe-64ce-3249-ab78-2eee03a9709e  |i f7435131-514e-394b-a1e6-53ce4660a5b8  |t 0 
952 f f |p ric  |a Texas A&M University  |b Rellis Campus  |c Joint Library Facility  |d Remote Storage  |t 0  |e QR188.35 I46  |h Library of Congress classification  |i unmediated -- volume  |k v.1  |m A14806024813 
952 f f |p ric  |a Texas A&M University  |b Rellis Campus  |c Joint Library Facility  |d Remote Storage  |t 0  |e QR188.35 I46  |h Library of Congress classification  |i unmediated -- volume  |k v.2  |m A14806024805 
998 f f |a QR188.35 I46  |s v.1-v.2  |t 0  |l Remote Storage